La rueda de la fortuna / (Record no. 183471)

MARC details
000 -LEADER
campo de control de longitud fija 00630nam a2200193 i 4500
001 - NÚMERO DE CONTROL
campo de control 183471
003 - IDENTIFICADOR DE NÚMERO DE CONTROL
campo de control ES-MaACL
005 - FECHA Y HORA DE LA ÚLTIMA TRANSACCIÓN
campo de control 20230906221911.0
008 - DATOS DE LONGITUD FIJA--INFORMACIÓN GENERAL
campo de control de longitud fija 140626q1913 sp |||| | spa d
080 ## - NÚMERO DE LA CLASIFICACIÓN DECIMAL UNIVERSAL
Número de la Clasificación Decimal Universal 821.111-32"18"
100 1# - ENTRADA PRINCIPAL--NOMBRE DE PERSONA
Nombre de persona Tracy, Louis.
9 (RLIN) 154870
245 13 - MENCIÓN DEL TÍTULO
Título La rueda de la fortuna /
Mención de responsabilidad, etc. novela escrita en inglés por Luis Tracy.
260 ## - PUBLICACIÓN, DISTRIBUCIÓN, ETC.
Lugar de publicación, distribución, etc. Madrid :
Nombre del editor, distribuidor, etc. [s.n.,
Fecha de publicación, distribución, etc. ca. 1913]
300 ## - DESCRIPCIÓN FÍSICA
Extensión 80 p. :
Otras características físicas il. ;
Dimensiones 26 cm.
490 1# - MENCIÓN DE SERIE
Mención de serie Biblioteca de Alrededor del Mundo
830 0# - PUNTO DE ACCESO ADICIONAL DE SERIE-TÍTULO UNIFORME
Título uniforme Biblioteca de Alrededor del Mundo
9 (RLIN) 187712
852 ## - LOCALIZACIÓN
Ubicación ES-MaACL
Número de control de estantería G-6063(5)
Nota libre .- Encuadernado con otras obras
Holdings
Estatus retirado Estado de pérdida Estado de daño No para préstamo Biblioteca de origen Biblioteca actual Ubicación en estantería Fecha de adquisición Fuente de adquisición Total de préstamos Signatura topográfica completa Código de barras Visto por última vez Precio de reemplazo Tipo de ítem Koha
        Biblioteca del Ateneo de Madrid Biblioteca del Ateneo de Madrid Depósito 2 26/06/2014     G-6063(5) 1192845 23/02/2023 23/02/2023 Libro impreso